<?xml version="1.0" encoding="UTF-8"?>
<record
    xmlns:xsi="http://www.w3.org/2001/XMLSchema-instance"
    xsi:schemaLocation="http://www.loc.gov/MARC21/slim http://www.loc.gov/standards/marcxml/schema/MARC21slim.xsd"
    xmlns="http://www.loc.gov/MARC21/slim">

  <leader>00453cam a2200205ua 4500</leader>
  <controlfield tag="001">4263</controlfield>
  <controlfield tag="008">160624n        II  |||gr||||Z||||||asm</controlfield>
  <datafield tag="040" ind1=" " ind2=" ">
    <subfield code="a">MAIN</subfield>
  </datafield>
  <datafield tag="041" ind1=" " ind2=" ">
    <subfield code="a">English</subfield>
  </datafield>
  <datafield tag="082" ind1=" " ind2=" ">
    <subfield code="a">519.4 PAT</subfield>
  </datafield>
  <datafield tag="100" ind1=" " ind2=" ">
    <subfield code="a">PATHAK.</subfield>
  </datafield>
  <datafield tag="245" ind1=" " ind2=" ">
    <subfield code="a">PADARTHA BIGYANAR ANGKA</subfield>
  </datafield>
  <datafield tag="250" ind1=" " ind2=" ">
    <subfield code="a">3RD.</subfield>
  </datafield>
  <datafield tag="260" ind1=" " ind2=" ">
    <subfield code="a">GUWAHATI:</subfield>
    <subfield code="b">BORUA AGENCY,</subfield>
    <subfield code="c">1990.</subfield>
  </datafield>
  <datafield tag="300" ind1=" " ind2=" ">
    <subfield code="a">144:</subfield>
    <subfield code="c">20CM.</subfield>
  </datafield>
  <datafield tag="653" ind1=" " ind2=" ">
    <subfield code="a">Physics</subfield>
  </datafield>
  <datafield tag="700" ind1=" " ind2=" ">
    <subfield code="a">PATHAK.,</subfield>
    <subfield code="e">Author.</subfield>
  </datafield>
  <datafield tag="700" ind1=" " ind2=" ">
    <subfield code="a">BARUA.</subfield>
  </datafield>
  <datafield tag="942" ind1=" " ind2=" ">
    <subfield code="c">BK</subfield>
  </datafield>
  <datafield tag="999" ind1=" " ind2=" ">
    <subfield code="c">4250</subfield>
    <subfield code="d">4250</subfield>
  </datafield>
  <datafield tag="952" ind1=" " ind2=" ">
    <subfield code="0">0</subfield>
    <subfield code="1">0</subfield>
    <subfield code="4">0</subfield>
    <subfield code="7">0</subfield>
    <subfield code="8">TBPHY</subfield>
    <subfield code="a">MAIN</subfield>
    <subfield code="b">MAIN</subfield>
    <subfield code="c">PH#</subfield>
    <subfield code="d">1990-06-06</subfield>
    <subfield code="o">519.4 PAT</subfield>
    <subfield code="p">12572</subfield>
    <subfield code="r">2020-02-27 00:00:00</subfield>
    <subfield code="t">1</subfield>
    <subfield code="w">2020-02-27</subfield>
    <subfield code="y">BK</subfield>
    <subfield code="z">V</subfield>
  </datafield>
  <datafield tag="952" ind1=" " ind2=" ">
    <subfield code="0">0</subfield>
    <subfield code="1">0</subfield>
    <subfield code="4">0</subfield>
    <subfield code="7">0</subfield>
    <subfield code="8">TBPHY</subfield>
    <subfield code="a">MAIN</subfield>
    <subfield code="b">MAIN</subfield>
    <subfield code="c">MTRK</subfield>
    <subfield code="d">1990-06-06</subfield>
    <subfield code="o">519.4 PAT</subfield>
    <subfield code="p">12573</subfield>
    <subfield code="r">2020-02-27 00:00:00</subfield>
    <subfield code="t">2</subfield>
    <subfield code="w">2020-02-27</subfield>
    <subfield code="y">BK</subfield>
  </datafield>
  <datafield tag="952" ind1=" " ind2=" ">
    <subfield code="0">0</subfield>
    <subfield code="1">0</subfield>
    <subfield code="4">0</subfield>
    <subfield code="7">0</subfield>
    <subfield code="8">TBPHY</subfield>
    <subfield code="a">MAIN</subfield>
    <subfield code="b">MAIN</subfield>
    <subfield code="c">PH#</subfield>
    <subfield code="d">1990-06-06</subfield>
    <subfield code="o">519.4 PAT</subfield>
    <subfield code="p">12574</subfield>
    <subfield code="r">2020-02-27 00:00:00</subfield>
    <subfield code="t">3</subfield>
    <subfield code="w">2020-02-27</subfield>
    <subfield code="y">BK</subfield>
    <subfield code="z">V</subfield>
  </datafield>
  <datafield tag="952" ind1=" " ind2=" ">
    <subfield code="0">0</subfield>
    <subfield code="1">0</subfield>
    <subfield code="4">0</subfield>
    <subfield code="7">0</subfield>
    <subfield code="8">TBPHY</subfield>
    <subfield code="a">MAIN</subfield>
    <subfield code="b">MAIN</subfield>
    <subfield code="c">MTRK</subfield>
    <subfield code="d">1990-06-06</subfield>
    <subfield code="o">519.4 PAT</subfield>
    <subfield code="p">12575</subfield>
    <subfield code="r">2020-02-27 00:00:00</subfield>
    <subfield code="t">4</subfield>
    <subfield code="w">2020-02-27</subfield>
    <subfield code="y">BK</subfield>
  </datafield>
</record>
